000 00905nam a2200217 a 4500
001 000024753
005 20200930023340.0
008 110203s1973 ag d r 000 0 spa d
040 _aDO-SdBNP
_bspa
_cBNPHU
041 1 7 _aspa
_heng
_2Código de idiomas MARC
082 _ann*
_bnn*
100 1 _aPearce, Esmond.
_950787
240 1 4 _aMarketing ang higher management.
_lEspañol
245 1 3 _aLa dirección de empresas en el proceso de comercialización /
_cEsmond Pearce ; traducción de Eduardo Goligorsky.
260 _aBuenos Aires :
_bContabilidad Moderna ;
_bCentro Regional de Ayuda Técnica, Agencia para el Desarrollo Internacional,
_c1973.
300 _a264 p. :
_bgrafs. ;
_c23 cm.
534 _aTítulo original :
_tMarketing ang higher management
500 _aIncluye referencias bibliográficas y notas al pie de las páginas.
700 1 _aGoligorsky, Eduardo,
_etr.
_910661
049 _aBNGR
999 _c24246
_d24246